000
00327nam a2200145Ia 4500
100
_a
Hall/Patrick/ Scriven/John
650
_a
English
942
_c
BK
654
_a
programming
245
_a
Programming for educations
260
_b
Sunshine Books
_a
London
_c
38
082
_a
1.642
_b
SCR
300
_a
144
546
_a
ENGLISH
999
_c
25988
_d
25988